000 00796aas a2200217 4500
999 _c53791
_d53791
001 768714001
003 CO-MdFUSB
005 20171114161157.0
008 170804s1997 xxu||||| |||| 00| 0 eng d
022 _a0098-9444
040 _aCO-MdFUSB
_bspa
_cCO-MdFUSB
_dCO-MdFUSB
041 _aeng
100 _aShanks, Hershel
_eautor
242 1 3 _aEl final del recorrido del documento :
_blos informes finales deben ir electrónicos
245 1 0 _aThe end of the paper trail :
_bfinal reports must go electronic
_c/ Hershel Shanks
300 _aVolumen 23. Número 4 (1997), página 6
_c: 28 cm.
546 _aTexto en inglés
650 7 _9403
_aExcavaciones arqueológicas
773 0 _tBiblical Archaeology Review
_049395
_959489
_gVolumen 23. Número 4 (1997), página 6
_qPágina 6
942 _cANA